Historical Figures by Picture - Extreme - Statistics

General Stats
  • This quiz has been taken 674 times
  • The average score is 59 of 100
Answer Stats
Picture Answer % Correct
Mohandas Gandhi
98%
Abraham Lincoln
97%
Napoleon Bonaparte
97%
Ludwig van Beethoven
95%
Martin Luther King
95%
Barack Obama
94%
George Washington
94%
Nelson Mandela
94%
Elvis Presley
93%
Neil Armstrong
93%
Winston Churchill
93%
Adolf Hitler
92%
Steve Jobs
92%
Albert Einstein
91%
Vincent Van Gogh
91%
Wolfgang Amadeus Mozart
90%
Marilyn Monroe
89%
Benjamin Franklin
88%
Bill Gates
88%
Stephen Hawking
88%
Henry VIII
87%
Martin Luther
87%
Isaac Newton
86%
Mao Zedong
85%
William Shakespeare
85%
Christopher Columbus
84%
Elizabeth I
84%
Genghis Khan
84%
Julius Caesar
84%
Marie Curie
84%
Marie Antoinette
83%
Joan of Arc
81%
Karl Marx
81%
Che Guevara
80%
John Lennon
80%
Al Capone
79%
Leonardo Da Vinci
78%
Malcolm X
78%
Nikola Tesla
78%
Alexander the Great
76%
Theodore Roosevelt
76%
Mikhail Gorbachev
72%
Thomas Jefferson
72%
Benito Mussolini
71%
Charles Darwin
71%
Hirohito
68%
Ho Chi Minh
68%
Charles de Gaulle
67%
Socrates
67%
Jimi Hendrix
66%
Louis XIV
66%
Sigmund Freud
65%
Alfred Hitchcock
64%
Audrey Hepburn
64%
Confucius
64%
Plato
63%
Charlemagne
61%
Johann Sebastian Bach
60%
Mark Twain
57%
Thomas Edison
56%
Charles Dickens
53%
Galileo Galilei
48%
Walt Disney
48%
Idi Amin
47%
Frederick Douglass
45%
Alexander Hamilton
44%
Henry Ford
42%
Robert E. Lee
41%
Alan Turing
39%
Michelangelo
39%
Simón Bolívar
38%
Mansa Musa
37%
Francisco Franco
36%
George Orwell
35%
Nicolaus Copernicus
35%
Benazir Bhutto
30%
Haile Selassie
29%
Augusto Pinochet
27%
Voltaire
27%
Leopold II.
26%
Suharto
26%
Marco Polo
24%
Alexander Graham Bell
23%
Johannes Gutenberg
21%
Lorenzo de Medici
20%
John D. Rockefeller
19%
Nicolae Ceausescu
19%
Yuri Gagarin
19%
Konrad Adenauer
18%
Louis Pasteur
16%
Claude Monet
15%
Johannes Kepler
15%
Hernán Cortés
13%
Archimedes
12%
Orville Wright
12%
Alexander Fleming
11%
Frederik Willem de Klerk
9%
Louis Daguerre
6%
Theodor Herzl
5%
Alfredo Stroessner
4%
No matching quizzes found
Score Distribution
Percent of People with Each Score
Percentile by Number Answered
Your Score History
You have not taken this quiz